| 000 | 00408nam a22001697a 4500 | ||
|---|---|---|---|
| 003 | OSt | ||
| 005 | 20250424120045.0 | ||
| 008 | 250423b |||||||| |||| 00| 0 eng d | ||
| 020 | _a97878119361915 | ||
| 082 |
_a352.001 _bSWAE |
||
| 100 | _aSwarup, Anil | ||
| 245 | _aEthical dilemmas of a civil servant | ||
| 260 |
_aNew Delhi _bUnique Publishers |
||
| 300 | _a268 | ||
| 546 | _aEnglish | ||
| 942 |
_2ddc _cBK |
||
| 999 |
_c3764 _d3764 |
||